| 000 | 00000nam##2200000za#4500 |
| 001 | 9.578034 |
| 003 | CaOODSP |
| 005 | 20210624185909 |
| 007 | cr ||||||||||| |
| 008 | 150406|1985||||xxc|||||o f|0| 0 eng|d |
| 022 | |a1488-5387 |
| 040 | |aCaOODSP|beng |
| 043 | |an-cn--- |
| 086 | 1 |aFs97-4/1815E-PDF |
| 110 | 1 |aCanada. |bDepartment of Fisheries and Oceans. |
| 245 | 10|aTrapping and coded wire tagging of wild coho salmon juveniles in the Upper Pitt River system, 1979 and 1980 / |h[electronic resource]|cby N.D. Schubert and A.Y. Fedorenko. |
| 260 | |aNew Westminster - British Columbia : |bFisheries and Oceans Canada |cJune 1985. |
| 300 | |a90p.|bgraphs, maps, references, tables, photographs |
| 490 | 1 |aCanadian manuscript report of fisheries and aquatic sciences|x1488-5387|vNo. 1815 |
| 500 | |aThe catalogue number (Fs97-4/1815E) and ISSN (0706-6473) for the print edition have been incorrectly copied in this electronic publication. |
| 546 | |a(Résumés en français) |
| 590 | |a13-27-Supp|b2013-11-15 |
| 690 | 07|aFisheries management|2gcpds |
| 690 | 07|aSalt water fish|2gcpds |
| 720 | 1 |aSchubert, N. D. |
| 720 | 1 |aFedorenko, A. Y. |
| 830 | #0|aCanadian manuscript report of fisheries and aquatic sciences,|x1488-5387|vNo. 1815|w(CaOODSP)9.505211 |
| 856 | 40|ahttp://publications.gc.ca|qPDF|s20.99 MB|uhttps://publications.gc.ca/collections/collection_2013/mpo-dfo/Fs97-4-1815-eng.pdf|yNo. 1815 |